000 00322nam a22001337a 4500
008 180925b xxu||||| |||| 00| 0 eng d
020 _a9781118147979
041 _aeng
080 _a912
100 _a42
101 _aGJE
245 _aAlon E In the Universe Why Our Planet Is Unique
_cJohn.G
942 _2udc
_cBK
999 _c48424
_d48424